000 00347pab a2200145 454500
008 180718b1985 xxu||||| |||| 00| 0 eng d
100 _aMishra, J.M.
245 _aManaging problem employees
260 _c1985
300 _a10-19
362 _aSept.
650 _aPersonnel - Employee Relations
773 _aIndian Management
909 _a14859
999 _c14859
_d14859